LEADER 01315nam a2200301 a 4500 001 000000129000 003 CaOOAMICUS 005 20120522121912.0 008 120522s2011 it m u001 u ita r 020 $a978-88-308-1200-0 040 $aPUL$bita 082 04$a210.1 100 1 $aReferza, Daniele.$0(OLS)http://pul/name/82557 245 13$aIl Cristianesimo come critica del sacro :$bin dialogo con Barth, Bonhoeffer e Girard /$cDaniele Referza. 260 $aAssisi :$bCittadella,$cİ2011. 300 $a206 p. ;$c21 cm 490 1 $aStudi e ricerche. Sezione filosofica 504 $aBibliografia : p. [195]-204. 650 04$aFilosofia della religione.$0(OLS)http://pul/subject/120 830 0$aStudi e ricerche (Cittadella).$pSezione filosofica.$0(OLS)http://pul/title/163008 850 $aPUL 852 $aPUL$W1$xSL Religione 3$y85$m210. 1 REFDA 1$j149379$qDDC 21$B147915$CPULBib$Z2$F147915 $H119751 $82 941 1 $a9 996 $6020$a978-88-308-1200-0$9(OLS)http://pul/number/149758 996 $6082$a210.1$9(OLS)http://pul/classification/1999 996 $6245$aIl Cristianesimo come critica del sacro :$bin dialogo con Barth, Bonhoeffer e Girard$9(OLS)http://pul/title/163009 996 $6260$aAssisi :$bCittadella$9(OLS)http://pul/publisher/49668 LEADER 01235nam a2200289 u 4500 001 000000037341 003 CaOOAMICUS 005 20070226113744.0 008 980406s1989 it u000 u ita u 020 $a8821168050 035 $a10789272 040 $aPUL(R)$bita 100 1 $aFerrari, Liliana.$0(OLS)http://pul/name/28040 245 14$aUna storia dell'Azione cattolica :$bgli ordinamenti statutari da Pio XI a Pio XII /$cLiliana Ferrari. 260 $aGenova :$bMarietti,$c1989. 300 $a252 p. ;$c21 cm 490 1 $aDabar.$aSaggi di storia religiosa ;$v9 504 $aBibliografia in nota a pie' pagina. 610 24$aAzione cattolica.$0(OLS)http://pul/subject/6573 830 0$aDabar.$pSaggi di storia religiosa ;$v9.$0(OLS)http://pul/title/16058 850 $aPUL 852 $aPUL$W1$xSL Diritto Canonico 1$y5$m151 L 27$j51021$nBK-PRI$b $qStampati$B51021$CPULBib$Z2$F51021 $H $81 941 1 $a8 961 $aINV: 65407 996 $6020$a8821168050$9(OLS)http://pul/number/46721 996 $6245$aUna storia dell'Azione cattolica :$bgli ordinamenti statutari da Pio XI a Pio XII$9(OLS)http://pul/title/50859 996 $6260$aGenova :$bMarietti$9(OLS)http://pul/publisher/48994